Crucibles : The story of chemistry from ancient alchemy to nuclear fission (Record no. 1815)

000 -LEADER
fixed length control field 00456nam a22001577a 4500
008 - FIXED-LENGTH DATA ELEMENTS--GENERAL INFORMATION
fixed length control field 200204b ||||| |||| 00| 0 eng d
082 00 - DEWEY DECIMAL CLASSIFICATION NUMBER
Classification number 540.9
Item number J232
100 ## - MAIN ENTRY--PERSONAL NAME
9 (RLIN) 1426
Personal name Jaffe, Bernard.
245 10 - TITLE STATEMENT
Title Crucibles : The story of chemistry from ancient alchemy to nuclear fission
250 ## - EDITION STATEMENT
Edition statement 1st ed.
260 ## - PUBLICATION, DISTRIBUTION, ETC. (IMPRINT)
Place of publication, distribution, etc London
Name of publisher, distributor, etc Hutchinson's Sci & Tech pub
Date of publication, distribution, etc 1949
300 ## - PHYSICAL DESCRIPTION
Extent xii,480p.
365 ## - TRADE PRICE
Unit of pricing 12.06
650 #0 - SUBJECT ADDED ENTRY--TOPICAL TERM
Topical term or geographic name as entry element Chemistry
942 ## - ADDED ENTRY ELEMENTS (KOHA)
Item type Books
Holdings
Withdrawn status Lost status Source of classification or shelving scheme Damaged status Not for loan Permanent location Current location Date acquired Source of acquisition Full call number Barcode Date last seen Koha item type
          IMU Kolkata IMU Kolkata 1953-02-25 A. H. Wheeler 540.9 J232 01532 2020-02-04 Books
  Lost       IMU Kolkata IMU Kolkata 1953-02-25 A. H. Wheeler 540.9 J232 01533 2020-07-24 Books
Designed and Maintained by IMU-KC Library, Kolkata Campus © Copyright All Rights Reserved

webs counters

Powered by Koha